| 000 | 01289pam a2200325 a 4500 | ||
|---|---|---|---|
| 001 | 3544841 | ||
| 003 | GBCCL | ||
| 005 | 20241126110359.0 | ||
| 008 | 971103s1998 miu b 000 0 eng | ||
| 010 | _a 97039356 | ||
| 020 | _a0801058023 (pbk.) | ||
| 040 |
_aDLC _cDLC _dDLC |
||
| 050 | 0 | 0 |
_aBT695 _b.D47 1998 |
| 082 | 0 | 0 |
_a261.88 _221 _bDEW |
| 100 | 1 |
_aDeWitt, Calvin B. _92619 |
|
| 245 | 1 | 0 |
_aCaring for creation : _bresponsible stewardship of God's handiwork / _cCalvin B. DeWitt ; with responses by Richard A. Baer, Jr., Thomas Sieger Derr, Vernon J. Ehlers ; edited by James W. Skillen and Luis E. Lugo. |
| 260 |
_aGrand Rapids, Mich. : _bBaker Books, _cc1998. |
||
| 300 |
_a104 p. ; _c21 cm. |
||
| 504 | _aIncludes bibliographical references (p. 99-104). | ||
| 650 | 0 |
_aHuman ecology _xreligious aspects _xChristianity. _92620 |
|
| 700 | 1 |
_aBaer, Richard A. _92621 |
|
| 700 | 1 |
_aDerr, Thomas Sieger, _d1931- _92622 |
|
| 700 | 1 |
_aEhlers, Vernon J. _92623 |
|
| 700 | 1 |
_aSkillen, James W. _92624 |
|
| 700 | 1 |
_aLugo, Luis E., _d1951- _92625 |
|
| 906 |
_a7 _bcbc _corignew _d1 _eocip _f19 _gy-gencatlg |
||
| 942 |
_2ddc _cBK _047 |
||
| 999 |
_c1336 _d1336 |
||